| 000 | 00832nam a22002537a 4500 | ||
|---|---|---|---|
| 003 | MX-MxUPN | ||
| 005 | 20240815121553.0 | ||
| 008 | 240209b |||||||| |||| 00| 0 spa d | ||
| 020 | _a9688603562 | ||
| 040 |
_aMX-MxUPN _bspa _cMX-MxUPN |
||
| 041 | 0 | _aspa | |
| 050 | 1 | 4 |
_aHQ799 M6 _bL45 1990 |
| 100 | 1 |
_aLeñero Otero, Luis, _d1934- _928983 |
|
| 100 | 1 |
_aFernández R., Ma. Estela _953049 |
|
| 245 | 1 | 0 |
_aJóvenes de hoy : _bperfiles de conducta masculina : datos y comentarios útiles para agentes de promoción juvenil |
| 250 | _aPrimera edición | ||
| 260 |
_aMéxico, D.F.: _bPax-México, _c1990 |
||
| 300 | _a179 páginas | ||
| 650 | 4 |
_aJuventud _zMéxico _914335 |
|
| 650 | 4 |
_aJuventud _zMéxico _xCondiciones sociales _920156 |
|
| 902 |
_aLC090224 _bVíctor Ruiz/150824 |
||
| 942 |
_2lcc _cLIBRO _n0 |
||
| 999 |
_c210941 _d210941 |
||